[Event "Saratov Region-ch Seniors"]
[Site "Saratov"]
[Date "2017.11.07"]
[Round "7"]
[White "Grebennikov, Alexandr"]
[Black "Astapov, Valeriy"]
[Result "1/2-1/2"]
[WhiteElo "1806"]
[BlackElo "1827"]
[PlyCount "48"]
[EventDate "2017.11.01"]
[EventType "swiss"]
[EventRounds "9"]
[EventCountry "RUS"]
[SourceTitle "EXT 2019"]
[Source "ChessBase"]
[SourceDate "2018.10.10"]
[SourceVersion "1"]
[SourceVersionDate "2018.10.10"]
[SourceQuality "1"]

1. e4 c6 2. d4 d5 3. exd5 cxd5 4. c4 Nf6 5. Nc3 e6 6. Nf3 Nc6 7. c5 Ne4 8. Bb5 Nxc3 9. bxc3 Qa5 10. Qb3 Bd7 11. 0-0 Be7 12. Re1 0-0 13. Bf4 b6 14. Bc7 Rac8 15. cxb6 axb6 16. Bg3 Ne5 17. Bxd7 Nxd7 18. Rec1 Rc6 19. Bf4 Rfc8 20. Bd2 Ba3 21. Re1 Bd6 22. a4 Rc4 23. Ra2 Ra8 24. Rea1 Nf6 1/2-1/2

[Event "Saratov Region-ch Seniors"]
[Site "Saratov"]
[Date "2017.11.02"]
[Round "2"]
[White "Raisov, Idris"]
[Black "Grebennikov, Alexandr"]
[Result "1/2-1/2"]
[WhiteElo "2005"]
[BlackElo "1806"]
[PlyCount "59"]
[EventDate "2017.11.01"]
[EventType "swiss"]
[EventRounds "9"]
[EventCountry "RUS"]
[SourceTitle "EXT 2019"]
[Source "ChessBase"]
[SourceDate "2018.10.10"]
[SourceVersion "1"]
[SourceVersionDate "2018.10.10"]
[SourceQuality "1"]

1. Nf3 Nf6 2. g3 e6 3. Bg2 d5 4. 0-0 a6 5. b3 Be7 6. Bb2 0-0 7. c4 b5 8. cxd5 exd5 9. Ne5 Bb7 10. d3 Nbd7 11. Nd2 Nxe5 12. Bxe5 Bd6 13. Bb2 c5 14. d4 c4 15. bxc4 bxc4 16. Bc3 Qc7 17. Rb1 Bc6 18. Qc2 Rfe8 19. Rfe1 Rac8 20. e4 Nxe4 21. Nxe4 dxe4 22. Bxe4 Bxe4 23. Rxe4 Qc6 24. Rbe1 Rxe4 25. Qxe4 Qxe4 26. Rxe4 Kf8 27. d5 Rc5 28. Bb4 Rxd5 29. Bxd6+ Rxd6 30. Rxc4 1/2-1/2